Biomanufacturing
Salvato in:
| Autore principale: | |
|---|---|
| Natura: | Libro |
| Lingua: | inglese |
| Pubblicazione: |
Berlín
Springer
2004
|
| Edizione: | 1a. ed |
| Serie: | Advances in Biochemical Engineering-Biotechnology, 87
|
| Soggetti: | |
| Tags: |
Aggiungi Tag
Nessun Tag, puoi essere il primo ad aggiungerne!!
|
MARC
| LEADER | 00000cam a2200000 a 4500 | ||
|---|---|---|---|
| 001 | UCD0370 | ||
| 003 | CL-VaPUC | ||
| 008 | 151127e20040000gw |||||||||||||||||eng|d | ||
| 020 | |a 3540205012 | ||
| 082 | 0 | 4 | |a 660.63 |b ZHO |2 21 |
| 100 | 0 | |a Zhong, Jian-Jiang |e author |9 583359 | |
| 245 | 1 | 0 | |a Biomanufacturing |
| 250 | |a 1a. ed | ||
| 300 | |a 329 p | ||
| 942 | |c BK | ||
| 945 | |d 20151127 13:45:00 |a dcastane | ||
| 260 | |a Berlín |b Springer |c 2004 | ||
| 650 | 0 | |a Biotecnología |9 259561 | |
| 650 | 0 | |a Ingeniería bioquímica |9 260241 | |
| 650 | 0 | |a Manipulación genética |9 373579 | |
| 650 | 0 | |a Células Vegetales |9 430997 | |
| 583 | |a last modification |c 20151127 13:45:00 |k Rodrigo Vera | ||
| 490 | 0 | |a Advances in Biochemical Engineering-Biotechnology, 87 | |
| 999 | |c 361935 |d 361933 | ||
| 952 | |0 0 |1 0 |3 erd |4 0 |6 660_630000000000000_ZHO_2004 |7 0 |8 A |9 472689 |a BIBING |b BIBING |i 5252563 |o 660.63 ZHO 2004 |p 5252563 |r 2025-01-20 |w 2019-11-24 |y BK |z Catalogado en:20151127 |k EIB | ||